Recovered, not cured : (Record no. 231)

MARC details
000 -LEADER
fixed length control field 00666cam a2200241Ma 4500
003 - CONTROL NUMBER IDENTIFIER
control field data
005 - DATE AND TIME OF LATEST TRANSACTION
control field 20260322212011.0
008 - FIXED-LENGTH DATA ELEMENTS--GENERAL INFORMATION
fixed length control field data
010 ## - LIBRARY OF CONGRESS CONTROL NUMBER
LC control number 2005391976
020 ## - INTERNATIONAL STANDARD BOOK NUMBER
International Standard Book Number 1865089745
020 ## - INTERNATIONAL STANDARD BOOK NUMBER
International Standard Book Number 9781865089744
040 ## - CATALOGING SOURCE
Original cataloging agency YQU
Transcribing agency YQU
Modifying agency CIN
-- OCL
-- CIN
050 00 - LIBRARY OF CONGRESS CALL NUMBER
Classification number RC514
Item number .M395 2003
082 14 - DEWEY DECIMAL CLASSIFICATION NUMBER
Classification number B
-- B
Edition information 22
092 ## - LOCALLY ASSIGNED DEWEY CALL NUMBER (OCLC)
Classification number 616.89 M395 2003
001 - CONTROL NUMBER
control field data
100 1# - MAIN ENTRY--PERSONAL NAME
Personal name McLean, Richard,
Dates associated with a name 1973-
245 10 - TITLE STATEMENT
Title Recovered, not cured :
Remainder of title a journey through schizophrenia /
Statement of responsibility, etc. Richard McLean.
260 ## - PUBLICATION, DISTRIBUTION, ETC.
Place of publication, distribution, etc. Crows Nest, N.S.W. :
Name of publisher, distributor, etc. Allen & Unwin,
Date of publication, distribution, etc. 2003.
300 ## - PHYSICAL DESCRIPTION
Extent ix, 180 p. :
Other physical details ill. ;
Dimensions 20 cm.
600 10 - SUBJECT ADDED ENTRY--PERSONAL NAME
Personal name McLean, Richard,
Dates associated with a name 1973-
650 #0 - SUBJECT ADDED ENTRY--TOPICAL TERM
Topical term or geographic name entry element Schizophrenics
Form subdivision Biography.
Holdings
Withdrawn status Lost status Damaged status Not for loan Home library Current library Shelving location Date acquired Total checkouts Full call number Barcode Date last seen Price effective from Koha item type
        Franklin Franklin General stacks 22/03/2026   616.89/8/0092 B 22 BC0010239 22/03/2026 22/03/2026 Books